Súčasný svetový trh očami podnikateľa Pohľad vnútorným okom do svetového manažmentu

Upozornenie na súčasné javy v svetovej ekonomike a spoločnosti, ktoré treba brať do úvahy v podnikovom manažmente: neustále zmeny znižujú účinnosť prognóz a predvídaní, rast nového v podnikoch a ich okolí, explózia informácií a závislosť kvality riadenia na ich zvládnutí (informatizácia riadenia), n...

Descrizione completa

Salvato in:
Dettagli Bibliografici
Autore principale: Kačír, Klement
Natura: Capitolo di libro
Lingua:slovacco
Soggetti:
Tags: Aggiungi Tag
Nessun Tag, puoi essere il primo ad aggiungerne!!

MARC

LEADER 00000naa a2200000 4500
001 r014330
005 20221213123622.8
041 0 |a slo 
044 |a SK 
245 1 0 |a Súčasný svetový trh očami podnikateľa  |b Pohľad vnútorným okom do svetového manažmentu  |c Klement Kačír 
520 |a Upozornenie na súčasné javy v svetovej ekonomike a spoločnosti, ktoré treba brať do úvahy v podnikovom manažmente: neustále zmeny znižujú účinnosť prognóz a predvídaní, rast nového v podnikoch a ich okolí, explózia informácií a závislosť kvality riadenia na ich zvládnutí (informatizácia riadenia), nevyhnuťnosť prehlbovania znalostí. Vplyv na trh, spotrebitelia, konkurencia. 
610 2 0 |a hospodárstvo svetové 
610 2 0 |a spoločnosť postindustriálna 
610 2 0 |a trh svetový 
610 2 0 |a podnik 
610 2 0 |a manažment 
610 2 0 |a prognózy 
610 2 0 |a spotrebitelia 
100 1 |a Kačír, Klement